An evolutionary perspective on self-organized division of labor in social insects /
Guardat en:
| Altres autors: | , , , |
|---|---|
| Format: | Article |
| Idioma: | English |
| Matèries: | |
| Etiquetes: |
Afegir etiqueta
Sense etiquetes, Sigues el primer a etiquetar aquest registre!
|
| Thư viện lưu trữ: | Thư viện Trường Đại học Đà Lạt |
|---|
| LEADER | 00938nam a2200313 4500 | ||
|---|---|---|---|
| 001 | DLU110130751 | ||
| 005 | ##20111111 | ||
| 040 | # | # | |a DLU |b eng |
| 041 | # | # | |a eng |
| 044 | # | # | |a us |
| 245 | # | # | |a An evolutionary perspective on self-organized division of labor in social insects / |c Ana Duarte ... [et al.]. |
| 653 | # | # | |a Behavioral specialization |
| 653 | # | # | |a Caste |
| 653 | # | # | |a Emergent properties |
| 653 | # | # | |a Multilevel selection |
| 700 | # | # | |a Duarte, Ana. |
| 700 | # | # | |a Keller, Laurent. |
| 700 | # | # | |a Pen, Ido. |
| 700 | # | # | |a Weissing, Franz J. |
| 773 | # | # | |t Annual Review of Ecology, Evolution, Systematics |g Vol. 42 (2011), p. 91-110 |
| 920 | # | # | |a Phòng Tạp chí -- Trung tâm Thông tin - Thư viện Trường Đại học Đà Lạt |
| 994 | # | # | |a DLU |
| 900 | # | # | |a True |
| 911 | # | # | |a Trương Bảo Trâm Anh |
| 925 | # | # | |a G |
| 926 | # | # | |a A |
| 927 | # | # | |a BB |
| 980 | # | # | |a Thư viện Trường Đại học Đà Lạt |